00856 2200217 4500001002100000005001500021035002000036245022600056100004900282250002000331300004600351856002100397700007500418260003600493082001000529084001600539020002200555600001000577008004100587990001000628INLIS00000000114737120260226111257 a0010-02260009911 aEksplorasi spritualitas buddhis dalam keputusan harga jual produk :bEksplorasi spritualitas buddhis /cPenulis.; Dini sulistiyani & Warsito kawader., Desain cover.; Ali hasan zein., Tata letak.; Ajuk., Proofeder.; Mira M0 aPenulis.; Dini sulistiyani & Warsito kawader aCetakan pertama a70 Halaman :b... ;c19,5 x 23 cmeKertas aMobil keliling 10 aDesain cover.; Ali hasan zein., Tata letak.; Ajuk., Proofeder.; Mira M aYogyakarta :bDeepublish,c2024 a294.3 a294.3 PEN e a978-623-02-8210-2 4aAgama260226 0  a//001